| 000 | 01057 a2200193 4500 | ||
|---|---|---|---|
| 003 | Nust | ||
| 005 | 20230207133809.0 | ||
| 010 | _a 73023034 | ||
| 020 | _a0672636557 | ||
| 040 | _cNust | ||
| 082 | 0 | 0 | _a959.8,TAS |
| 100 | 1 |
_aTas, Sal, _9108703 |
|
| 245 | 1 | 0 |
_aIndonesia: _bthe underdeveloped freedom / _cS. Tas. Translated from the Dutch by Derek S. Jordan. |
| 260 |
_aIndianapolis, _bPegasus _c[1974] |
||
| 300 |
_aix, 388 p. _c23 cm. |
||
| 505 | _aThe Beginning of Indonesia (Page-1),The Arrival of the European (Page-14), Indonesia is Dragged into the Nineteenth Century (Page-39), Culture System and Freedom of Labor (Page-58), Indonesia on the Threshold of the Twentieth Century (Page-82), The Nationalist Movement (Page-106), The Japanese Occupation and the National Revolution (Page-140), The War of Recognition (Page-170), The Struggle With Democracy (Page-206), Sukarno Guided Democracy (Page-269), The Coup of 30 September 1965 (Page-303), The Vital Self-Liberation (Page-354). | ||
| 651 | 0 |
_aIndonesia _xHistory. _9108704 |
|
| 942 |
_2ddc _cBK |
||
| 999 |
_c186719 _d186719 |
||